书目信息 |
| 题名: |
中国题材的日本谣曲
|
|
| 作者: | 张哲俊 著 | |
| 分册: | ||
| 出版信息: | 银川 宁夏人民出版社 2005 |
|
| 页数: | 293页 | |
| 开本: | 21cm | |
| 丛书名: | 人文日本新书 | |
| 单 册: | ||
| 中图分类: | J805.313 , J837 | |
| 科图分类: | ||
| 主题词: | 戏剧--研究--日本 , 戏剧--艺术--世界 , 戏剧--艺术--各国 | |
| 电子资源: | ||
| ISBN: | 7-227-02886-0 | |
| 000 | 00866nam0 2200265 450 | |
| 005 | 20070606195416.18 | |
| 010 | @a7-227-02886-0@dCNY38.20 | |
| 100 | @a20060606d2005 ekmy0chiy0110 ea | |
| 101 | 0 | @achi |
| 102 | @aCN@b640000 | |
| 105 | @aa z 000yy | |
| 200 | 1 | @a中国题材的日本谣曲@Azhong guo ti cai de ri ben yao qu@f张哲俊著 |
| 210 | @a银川@c宁夏人民出版社@d2005 | |
| 215 | @a293页@c图@d21cm | |
| 225 | 2 | @a人文日本新书 |
| 330 | @a本书主要考证研究了日本唐事能的题材来源与变异,研究了题材来源与想象的关联。伴随作者生动的笔触,我们走近的将是一个五彩缤纷的能乐舞台。 | |
| 461 | 0 | @12001 @a人文日本新书 |
| 606 | 0 | @a戏剧@x研究@y日本 |
| 606 | 0 | @a戏剧@x艺术@x世界 |
| 606 | 0 | @a戏剧@x艺术@y各国 |
| 690 | @aJ805.313@v4 | |
| 690 | @aJ837@v3 | |
| 701 | 0 | @a张哲俊@Azhang zhe jun@4著 |
| 801 | 0 | @aCN@bTAOJIN@c20070606 |
| 905 | @a10447@dJ837@e99 | |
| 中国题材的日本谣曲/张哲俊著 .-银川:宁夏人民出版社,2005 |
| 293页:图;21cm .-(人文日本新书 ) |
| ISBN 7-227-02886-0:CNY38.20 |
| 本书主要考证研究了日本唐事能的题材来源与变异,研究了题材来源与想象的关联。伴随作者生动的笔触,我们走近的将是一个五彩缤纷的能乐舞台。 |
| ● |
| 相关链接 |
|
|
|
|
正题名:中国题材的日本谣曲
索取号:J837/99
 
预约/预借
| 序号 | 登录号 | 条形码 | 馆藏地/架位号 | 状态 | 备注 |
| 1 | 0527027 | 205270277 | 第一样本阅览室/ [索取号:J837/99] | 在馆 | |
| 2 | 0527028 | 205270286 | 第一借阅区/ [索取号:J837/99] | 在馆 | |
| 3 | 0527029 | 205270295 | 第一借阅区/ [索取号:J837/99] | 在馆 | |
| 4 | 0527030 | 205270302 | 第一借阅区/ [索取号:J837/99] | 在馆 |